00784nam a2200253 a 45000010008000000030004000080050017000120080041000290100017000700200015000870400013001020500020001150820024001351000019001592450100001782500013002782600038002913000029003295040054003586500043004126500021004556500027004767000027005034008040OSt20210205144240.0960808s1996 coua b 000 0 eng  a 96177950  a1559459026 aDLCcDLC00aBV1534bSCH387W00a268/.6220bSCH387W1 aSchultz, Thom.10aWhy nobody learns much of anything at church :band how to fix it /cby Thom and Joani Schultz. aRev. ed. aLoveland, Colo. :bGroup,cc1996. a301 p. :bill. ;c18 cm. aIncludes bibliographical references (p. 297-301). 0aChristian educationxTeaching methods. 0aActive learning. 0aExperiential learning.1 aSchultz, Joani,d1953-